Las botas de siete leguas ; (Record no. 42365)

MARC details
000 -LEADER
campo de control de longitud fija 00609nam a2200205 i 4500
001 - NÚMERO DE CONTROL
campo de control 42365
003 - IDENTIFICADOR DE NÚMERO DE CONTROL
campo de control ES-MaACL
005 - FECHA Y HORA DE LA ÚLTIMA TRANSACCIÓN
campo de control 20250712062537.0
007 - CAMPO FIJO DE DESCRIPCIÓN FÍSICA--INFORMACIÓN GENERAL
campo de control de longitud fija t|
008 - DATOS DE LONGITUD FIJA--INFORMACIÓN GENERAL
campo de control de longitud fija 030313s1976 sp |||| |dspa d
100 1# - ENTRADA PRINCIPAL--NOMBRE DE PERSONA
Nombre de persona Cela, Camilo José,
Fechas asociadas al nombre 1916-2002
9 (RLIN) 37336
245 14 - MENCIÓN DEL TÍTULO
Título Las botas de siete leguas ;
Resto del título Viaje a la Alcarria /
Mención de responsabilidad, etc. Camilo José Cela.
246 3# - FORMA VARIANTE DEL TITULO
Título propio/Titulo breve Viaje a la Alcarria
250 ## - MENCION DE EDICION
Mención de edición 9ª ed.
260 ## - PUBLICACIÓN, DISTRIBUCIÓN, ETC.
Lugar de publicación, distribución, etc. Madrid :
Nombre del editor, distribuidor, etc. Espasa-Calpe,
Fecha de publicación, distribución, etc. 1976.
300 ## - DESCRIPCIÓN FÍSICA
Extensión 160 p. ;
Dimensiones 18 cm.
651 #4 - PUNTO DE ACCESO ADICIONAL DE MATERIA--NOMBRE GEOGRÁFICO
Nombre geográfico La Alcarria (España, Comarca)-
Subdivisión general Descripción.
9 (RLIN) 161530
852 ## - LOCALIZACIÓN
Ubicación ES-MaACL
Número de control de estantería A-7913
Holdings
Estatus retirado Estado de pérdida Estado de daño No para préstamo Biblioteca de origen Biblioteca actual Ubicación en estantería Fecha de adquisición Fuente de adquisición Total de préstamos Signatura topográfica completa Código de barras Visto por última vez Precio de reemplazo Tipo de ítem Koha
        Biblioteca del Ateneo de Madrid Biblioteca del Ateneo de Madrid Sala Pecera Planta 1 17/01/2008     A-7913 1044582 23/02/2023 23/02/2023 Libro impreso